Bước đầu tìm hiểu vai trò của Giáo hội Thiên chúa giáo trong quá trình xâm lược của thực dân Tây Âu vào một số quốc gia Đông Nam Á (từ thế kỷ XVI đến thế kỉ XIX)

Quá trình xâm lược các quốc gia Đông Nam Á của thực dân Tây Âu (thế kỉ XVI - XIX). Vai trò của Thiên chúa giáo trong quá trình xâm lược của thực dân Tây Âu vào một số quốc gia Đông Nam Á.

Guardado en:
Detalles Bibliográficos
Autor principal: Bùi, Huy Thành (Tác giả)
Otros Autores: Lại Bích Ngọc PTS (Hướng dẫn)
Formato: Libro
Lenguaje:Vietnamese
Publicado: H. Đại học Sư phạm 1996
Materias:
Etiquetas: Agregar Etiqueta
Sin Etiquetas, Sea el primero en etiquetar este registro!
Thư viện lưu trữ: Mạng thư viện Đại học Đà Nẵng
LEADER 01643nam a2200349 4500
001 000012281
003 8575
005 20120217100234.0
008 120217s1996 viesd
041 |a vie 
072 |a Khóa luận tốt nghiệp 
082 |a 281.959  |b BU-T 
100 |a Bùi, Huy Thành  |e Tác giả 
245 |a Bước đầu tìm hiểu vai trò của Giáo hội Thiên chúa giáo trong quá trình xâm lược của thực dân Tây Âu vào một số quốc gia Đông Nam Á (từ thế kỷ XVI đến thế kỉ XIX)  |c Bùi Huy Thành 
260 |a H.  |b Đại học Sư phạm  |c 1996 
300 |a 75 tr.  |c 29 cm 
500 |a Khóa luận tốt nghiệp khoa Lịch sử. Chuyên ngành: Lịch sử thế giới 
520 |a Quá trình xâm lược các quốc gia Đông Nam Á của thực dân Tây Âu (thế kỉ XVI - XIX). Vai trò của Thiên chúa giáo trong quá trình xâm lược của thực dân Tây Âu vào một số quốc gia Đông Nam Á. 
653 |a Thiên chúa giáo 
653 |a Quá trình xâm lược 
653 |a Thực dân Tây Âu 
700 |a Lại Bích Ngọc  |c PTS  |e Hướng dẫn 
OWN |a LSP 
AVA |a UDN50  |b LSP  |d 281.959 BU-T  |e available  |t Error 5001 Not defined in file expand_doc_bib_avail.  |f 1  |g 0  |h N  |i 0  |k 1 
999 |a From the UDN01 
AVA |a UDN50  |b LSP  |d 281.959 BU-T  |e available  |t Error 5001 Not defined in file expand_doc_bib_avail.  |f 1  |g 0  |h N  |i 0  |k 1 
TYP |a Monograph 
TYP |a Printed language 
980 |a Mạng thư viện Đại học Đà Nẵng